=LDR 00000nam 2200000 4500 =001 INLIS000000000003454 =005 20250312122040 =035 ##$$a 0010-0325000170 =007 ta =008 250312################g##########1#ind## =082 ##$$a 392.302.02 =084 ##$$a 392.302.02 BKK a =245 1#$$a Alat Bantu Pengambilan Keputusan Ber - KB /$c BKKBN =260 ##$$a Jakarta :$b BKKBN,$c 2010 =300 ##$$a 28 halm : $b ilus ; $c 14 cm =650 #4$$a Keluarga Berencana =110 #$$a BKKBN =520 ##$$a Berisi penjelasan tentang alat bantu pengambilan keputusan Ber KB =856 ##$$a Perpustakaan UPT Balai Diklat KKB Jember